Video Games by Developer/Publisher - Statistics

General Stats
  • This quiz has been taken 159 times
  • The average score is 14 of 20
Answer Stats
Game Developer/Publisher % Correct
Super Mario Bros. Nintendo
98%
Madden NFL 08 Electronic Arts
94%
Grand Theft Auto V Rockstar Games
94%
Assassin's Creed Ubisoft
94%
Sonic Adventure Sega
90%
Halo 3 Bungie
85%
Call of Duty: Black Ops Activision
83%
The Last of Us Naughty Dog
83%
Fallout 4 Bethesda
79%
Final Fantasy VII Square Enix
79%
World of Warcraft Blizzard Entertainment
75%
Left 4 Dead Valve Corporation
67%
Gears of War Epic Games
63%
Dark Souls II Bandai Namco
60%
Mega Man Capcom
60%
Silent Hill Konami
53%
Pokémon Black & White Game Freak
47%
Batman: Arkham City Rocksteady Studios
44%
Donkey Kong Country Rare
39%
Star Wars: The Force Unleashed LucasArts
27%
No matching quizzes found
Score Distribution
Percent of People with Each Score
Percentile by Number Answered
Your Score History
You have not taken this quiz